Sopher Mahir : Northwest Semitic studies presented to Stanislav Segert /

محفوظ في:

مؤلفون آخرون: Cook, Edward M., 1952-, Segert, S.

التنسيق: كتاب

اللغة: English

منشور في: Winona Lake, Ind. : Eisenbrauns, 1990.

سلاسل: Maarav ; 5-6.

الموضوعات:

الوسوم: إضافة وسم

لا توجد وسوم, كن أول من يضع وسما على هذه التسجيلة!

رقم الطلب: PJ4121 .S67 1990

LEADER 01082nam a22003017a 4500
001
003 OSt
005 20251110083849.0
008 251110t1990 inua b 010 0 eng
010 |a  90002924  
020 |a 0931464560 
020 |a 9780931464560 
040 |c ARCE Library 
043 |a aw----- 
050 1 4 |a PJ4121  |b .S67 1990 
245 0 0 |a Sopher Mahir :   |b Northwest Semitic studies presented to Stanislav Segert /   |c edited by Edward M. Cook. 
264 1 |a Winona Lake, Ind. :  |b Eisenbrauns,  |c 1990. 
300 |a 384 pages :  |b illustrations ;  |c 22 cm. 
504 |a "Bibliography of the writings of Stanislav Segert": pages 345-384. 
600 1 0 |a Segert, S.  |q (Stanislav) 
630 0 0 |a Bible.  |p Old Testament  |x Language, style. 
650 0 |a Semitic languages, Northwest. 
700 1 |a Cook, Edward M.,  |d 1952-  |1 https://id.oclc.org/worldcat/entity/E39PCjM7fTyFj8HyGCBvTTt64y 
700 1 |a Segert, S.  |q (Stanislav)  |1 https://id.oclc.org/worldcat/entity/E39PBJdh4CMbp3964Y77XxH6Kd 
830 0 |a Maarav ;  |v 5-6. 
901 |a reviewed 
942 |2 lcc  |c BK 
999 |c 56672  |d 56672